Courts and tribunals: a comparative study

Guardado en:  
Detalles Bibliográficos
Autor principal: Rácz, Attila 1938-2019 (Autor)
Autor Corporativo: Institute for Legal and Administrative Science, Hungarian Academy of Sciences (Otro)
Otros Autores: Zehery, Miklós (Otro)
Tipo de documento: Print Libro
Lenguaje:Inglés
Publicado: Budapest Akadémiai Kiadó 1980
En:Año: 1980
Disponibilidad en Tübingen:Disponible en Tübingen.
UB: KB 14 A 239
Verificar disponibilidad: HBZ Gateway
Servicio de pedido Subito: Pedir ahora.
Palabras clave:

MARC

LEADER 00000cam a2200000 c 4500
001 226524116
003 DE-627
005 20250317213146.0
007 tu
008 970421s1980 hu ||||| 00| ||eng c
020 |a 963051799X  |9 963-05-1799-X 
035 |a (DE-627)226524116 
035 |a (DE-576)007335822 
035 |a (DE-599)GBV226524116 
035 |a (OCoLC)833154169 
035 |a (OCoLC)251414947 
035 |a (DE-604)8033635374 
040 |a DE-627  |b ger  |c DE-627  |e rakwb 
041 |a eng 
044 |c XA-HU 
084 |a PU 1550  |2 rvk  |0 (DE-625)rvk/139929: 
100 1 |8 1\p  |a Rácz, Attila  |d 1938-2019  |0 (DE-588)1285787153  |0 (DE-627)184192248X  |4 aut 
109 |a Rácz, Attila 1938-2019 
245 1 0 |a Courts and tribunals  |b a comparative study  |c by Attila Rácz. Institute for Legal and Administrative Science, Hungarian Academy of Sciences 
264 1 |a Budapest  |b Akadémiai Kiadó  |c 1980 
300 |a 245 S 
336 |a Text  |b txt  |2 rdacontent 
337 |a ohne Hilfsmittel zu benutzen  |b n  |2 rdamedia 
338 |a Band  |b nc  |2 rdacarrier 
583 1 |a Archivierung prüfen  |c 20240324  |f DE-4165  |z 1  |2 pdager 
583 1 |a Archivierung/Langzeitarchivierung gewährleistet  |c 20240722  |f NI-LastCopies  |x XA-DE-NI  |z Potenzieller Alleinbesitz Niedersachsen  |2 pdager  |5 DE-89 
689 0 0 |d s  |0 (DE-588)4121347-6  |0 (DE-627)105770116  |0 (DE-576)209542551  |a Gerichtsverfassung  |2 gnd 
689 0 1 |d s  |0 (DE-588)4115712-6  |0 (DE-627)104262664  |0 (DE-576)209495464  |a Rechtsvergleich  |2 gnd 
689 0 |5 (DE-627) 
700 1 |a Zehery, Miklós  |4 oth 
710 2 |a Institute for Legal and Administrative Science, Hungarian Academy of Sciences  |4 oth 
883 |8 1\p  |a cgwrk  |d 20241001  |q DE-101  |u https://d-nb.info/provenance/plan#cgwrk 
935 |i Blocktest 
936 r v |a PU 1550  |b Gerichtsverfassung, Zivilverfahren, Rechtspflege  |k Rechtswissenschaft  |k Ausländisches Privatrecht, Privatrechtsvergleichung und -vereinheitlichung  |k Allgemeines  |k Gerichtsverfassung, Zivilverfahren, Rechtspflege  |0 (DE-627)1271362651  |0 (DE-625)rvk/139929:  |0 (DE-576)201362651 
951 |a BO 
ELC |b 1 
LOK |0 000 xxxxxcx a22 zn 4500 
LOK |0 001 3144826553 
LOK |0 003 DE-627 
LOK |0 004 226524116 
LOK |0 005 20020606000000 
LOK |0 008 880613||||||||||||||||ger||||||| 
LOK |0 040   |a DE-21  |c DE-627  |d DE-21 
LOK |0 852   |a DE-21 
LOK |0 852 1  |c KB 14 A 239  |9 00 
LOK |0 935   |a krim 
LOK |0 936ln  |a k4.6.2.1 
LOK |0 939   |a 13-06-88  |b l01 
ORI |a SA-MARC-krimdoka001.raw 
SIG |a UB: KB 14 A 239